000 01064nam a2200301 a 4500
001 000108292
003 CHAP
005 20220329144006.0
008 140123|2012 mx | |r| |||1|||spa|d
010 _a104754
011 _a105726
020 _a9786074942712
040 _cCHAP
082 0 4 _a529.7
_bI58 2009
110 2 _aInstituto Nacional de Estadistica Geografia e Informática
_959299
245 1 0 _aEncuesta nacional sobre uso del tiempo 2009 :
_bMetodología y tabulados básicos /
_cpor Instituto Nacional de Estadistica Geografia e Informática.
260 3 _aAguascalientes, Ags. :
_bInstituto Nacional de Estadística, Geografia e Informática,
_c2012.
300 _aviii, 264 p.
590 _aE792CSJ
_b05
_c20140123
_lUCH01
_h0918
650 1 4 _aCostos y nivel de vida
_xEstadísticas.
_928528
650 1 4 _aCostos y nivel de vida
_zMéxico.
_928549
650 1 4 _aEnfoque de género.
_936945
650 1 4 _aMujer
_xSituación social
_zMéxico.
_979341
650 1 4 _aTrabajo doméstico.
_9114500
901 _aBK
942 _cLIBRO
942 _n0
999 _c104754
_d104754